[Event "ISR-ch U18"]
[Site "Israel"]
[Date "1999.07.11"]
[Round "1"]
[White "Kundin, Alexander"]
[Black "Postny, Evgeny"]
[Result "1/2-1/2"]
[WhiteElo "2403"]
[BlackElo "2400"]
[Annotator "Kundin/Alterman"]
[PlyCount "107"]
[EventDate "1999.07.??"]
[EventType "tourn"]
[EventRounds "9"]
[EventCountry "ISR"]
[SourceTitle "CBM 072"]
[Source "ChessBase"]
[SourceDate "1999.10.01"]
[SourceVersion "1"]
[SourceVersionDate "1999.10.01"]
[SourceQuality "1"]

1. e4 e5 2. Nf3 Nc6 3. Bb5 Nf6 4. Qe2 $5 (4. O-O Nxe4 5. d4) 4... Bc5 5. O-O (
5. Bxc6 bxc6 6. Nxe5 Qe7 7. Nd3 Ba6 8. Nc3 Bd4 $44) 5... d6 6. c3 O-O 7. Rd1 $6
$146 {Since white cannot play d4 in any case, there is not much sense moving
the rook to d1.} (7. d3 $11) 7... Re8 8. d3 h6 9. b4 $5 (9. Be3 $11) 9... Bb6
10. a4 a5 (10... a6 11. Bxc6 bxc6 12. a5 Ba7 13. Be3 Bxe3 14. Qxe3 Bg4 15. Nbd2
$11) 11. Nbd2 axb4 12. Bxc6 (12. cxb4 $2 Nd4 13. Nxd4 Bxd4 14. Ra2 c6 15. Bc4
d5 $17) 12... bxc6 13. cxb4 c5 $1 14. b5 Bd7 $2 (14... c6 $1 15. bxc6 Qc7 16.
Nc4 Qxc6 {=/=/+ /\Bc7,Be6,Reb8 Due to a very strong centre and good pawn
formation I believe black has good chances.}) 15. Bb2 Ba5 {Now c6 doesn't work,
which means that white is better.} (15... c6 $6 16. Nc4 Qc7 {[%tqu "En","","",
"","a4a5","",5]} 17. a5 $1 Bxa5 18. Rxa5 Rxa5 19. b6 $18) 16. Nc4 Bb4 {[%tqu
"En","Find a strong positional manoeuvre...","","","f3e1","",10]} 17. Ne1 $1 {
/\Nc2} Bxe1 {[%tqu "En","With what would you take the piece?","","","d1e1","",
10]} 18. Qxe1 $6 (18. Rxe1 $1 $16 {[%csl Gh5][%cal Yb2c3,Ye1b1,Ya4a8,Yb5b8,
Ge2h5] Now black has no counterplay and white can slowly prepare the advance
of his pawns.}) 18... Nh5 $1 $132 {Suddenly black has four pieces ready to
harass white's king.} 19. Rdb1 Nf4 20. Qe3 $6 {This square belongs to the
knight. Better was Qf1 and later Bc1 or Ne3, and after black's attack is over,
the pawns could be dangerous for black.} (20. Qf1 $142 Re6 21. Bc1) 20... Re6
21. Bc3 Qg5 (21... Qh4 {It seems that black doesn't have more than a draw,
therefore Qh4 is probably the best move, forcing a perpetual.} 22. Kh1 Rg6 23.
Rg1 (23. g3 $6 Qh3 24. Rg1 Bg4 $40) 23... Rg5 $1 24. Nd2 Qxh2+ 25. Kxh2 Rh5+
26. Kg3 Rg5+ $11) 22. g3 Rf6 23. f3 Nh3+ 24. Kg2 Qh5 25. b6 $138 Ng5 $138 26.
b7 (26. bxc7 Qh3+ 27. Kh1 Rxf3 28. Rb8+ Kh7 29. Rxa8 (29. Qg1 Rxd3 $1 {[%cal
Gc6h1,Gd7c6]} 30. Rxa8 Bc6 $19) 29... Rxe3 30. Nxe3 c4 $1 $17 {[%cal Gd7c6,
Gc6h1]}) 26... Rb8 27. Nd2 Qh3+ $2 (27... Nxf3 $1 28. Nxf3 Bh3+ 29. Kg1 Rxf3
30. Qd2 Qg4 31. a5 Rxg3+ 32. hxg3 Qxg3+ 33. Kh1 Bg4 34. Rf1 Bf3+ 35. Rxf3 Qxf3+
36. Qg2 Qxg2+ 37. Kxg2 Rxb7 {Quite an unusual endgame, which I believe will
end with probably a draw, since white cannot advance his pawn, and if the king
comes to help, black starts to move his kingside pawns.}) 28. Kg1 Bc6 29. a5 {
Now white's pawns should decide the game.} Rxb7 30. Rxb7 Bxb7 31. a6 Ba8 32.
Rb1 Qc8 33. a7 Bb7 34. h4 $2 $138 (34. Ra1 $18) 34... Ne6 35. Nc4 Nd8 $2 $138 (
35... Nd4 $1 36. Bxd4 exd4 37. Qf2 d5 38. Qa2 Qh3 39. Qh2 Qc8 $11) 36. Na5 Qa8
37. Nxb7 Nxb7 38. Ra1 $18 Re6 39. Qc1 Re8 40. Qa3 Rc8 41. Qa6 c6 42. Qb6 Nd8
43. Rb1 Ne6 44. Qb8 Kh7 45. Rb7 {Now black's pieces are paralyzed, and white
only has to improve its king's position and then take the rook.} (45. Qxc8 $6
Qxc8 46. Rb8 Qa6 47. a8=Q Qxd3 $16) 45... Kg6 46. Kf2 h5 47. Ke2 (47. f4 $1 {
This is the easiest way. By opening the position white forces black to play
Nd4, and then, after the exchange, black will no longer have dangerous knight
to support his queen.} exf4 48. gxf4 Kh7 49. f5 Nc7 (49... Nd4 50. Bxd4 cxd4
51. Qxc8 Qxc8 52. Rb8 Qa6 53. a8=Q Qxd3 54. Rh8#) 50. Qxa8 Nxa8 51. Rxf7 $18)
47... c4 {The only chance.} (47... Kf6 48. Qxc8 Qxc8 49. Rb8 Qa6 50. a8=Q $18)
48. dxc4 Rxb8 49. axb8=Q Qa2+ 50. Rb2 Qxc4+ 51. Kd2 Qc5 52. Qb6 Qc4 53. Qe3
$138 f6 $138 54. Qd3 $18 {The position is won quite easily, but I played
horribly in the last five minutes of the game and could even lose, but in the
end a draw was agreed. Those situation frequently arise when playing two hours
for fourty moves and an hour to the rest of the game. If the game is long
enough, usually it ends with pieces flying all over the board. Probably the
Fischer clock is better as it adds 30 seconds after each move.} 1/2-1/2

[Event "Buenos Aires Masters"]
[Site "Buenos Aires"]
[Date "2012.06.01"]
[Round "6"]
[White "Felgaer, Ruben Alejandro"]
[Black "Slipak, Sergio"]
[Result "1-0"]
[WhiteElo "2572"]
[BlackElo "2453"]
[Annotator "Let's Check"]
[PlyCount "63"]
[EventDate "2012.05.28"]
[EventType "tourn"]
[EventRounds "7"]
[EventCountry "ARG"]
[EventCategory "13"]
[SourceTitle "CBM 149"]
[Source "ChessBase"]
[SourceDate "2012.07.17"]
[SourceVersion "1"]
[SourceVersionDate "2012.07.17"]
[SourceQuality "1"]

1. e4 e5 2. Nf3 Nc6 3. Bb5 Nf6 4. d3 Bd6 5. c3 O-O 6. Nbd2 a6 7. Ba4 b5 8. Bc2
Re8 9. O-O Bf8 10. a4 Bb7 11. Re1 d5 12. exd5 Nxd5 13. Ne4 Qd7 14. axb5 axb5
15. Rxa8 Bxa8 16. Bb3 Kh8 17. Nfg5 Nd8 18. Qh5 Qf5 $2 (18... h6 19. Nf3 Qe6 $16
) 19. Ng3 (19. Nf6 $1 Nxf6 20. Nxf7+ $18) 19... Qg6 20. Qxg6 hxg6 21. d4 f6 22.
Nf3 Nf7 23. Bc2 Kh7 24. h4 Ne7 25. dxe5 Bxf3 26. exf6 gxf6 27. gxf3 Ne5 28. Kg2
Bh6 29. f4 N5c6 30. h5 Rd8 31. hxg6+ Nxg6 32. Rh1 1-0

[Event "ARM-ch 72nd"]
[Site "Yerevan"]
[Date "2012.01.11"]
[Round "1"]
[White "Minasian, Artashes"]
[Black "Petrosian, Tigran L"]
[Result "1-0"]
[WhiteElo "2525"]
[BlackElo "2636"]
[Annotator "Let's Check"]
[PlyCount "117"]
[EventDate "2012.01.11"]
[EventType "tourn"]
[EventRounds "11"]
[EventCountry "ARM"]
[EventCategory "13"]
[SourceTitle "CBM 147"]
[Source "ChessBase"]
[SourceDate "2012.03.16"]
[SourceVersion "1"]
[SourceVersionDate "2012.03.16"]
[SourceQuality "1"]

1. e4 e5 2. Nf3 Nc6 3. Bb5 Nf6 4. d3 Bc5 5. Bxc6 dxc6 6. Be3 Qe7 7. Nbd2 Bxe3
8. fxe3 Ng4 9. Qe2 f6 10. O-O-O Be6 11. Kb1 O-O-O 12. h3 Nh6 13. g4 Nf7 14. Nh4
g6 15. Qf2 c5 16. Rdf1 Rd6 17. b3 Bd7 18. Nc4 Ra6 19. a4 Rf8 20. Nf3 h6 21. Rh2
Be6 22. Nfd2 g5 23. Qe1 Nh8 24. Kb2 Ng6 25. Rhf2 Bg8 26. Na3 Kb8 27. Ndb1 Rd6
28. Nc3 c6 29. Ne2 Nh4 30. Qc3 b6 31. Ng3 a5 32. Nb1 Kb7 33. Nd2 Be6 34. Nh5
Bg8 35. Ng3 Be6 36. Nf3 Ng6 37. Nh5 Bg8 38. Qe1 Ka6 39. Nd2 b5 40. Nb1 bxa4 41.
Qc3 axb3 42. Nd2 bxc2 43. Kxc2 Rb8 44. Rxf6 Rb4 $2 (44... Re6 45. R6f5 $16) 45.
Rxd6 $18 Qxd6 46. Rf6 Be6 47. Rxg6 Bb3+ 48. Nxb3 Qxg6 49. Nxc5+ Ka7 50. Qxe5
Qf7 51. Qg7 (51. Kc3) 51... Qxg7 $18 52. Nxg7 Kb6 53. Nge6 a4 54. Kc3 Kb5 55.
e5 Rb1 56. Nxa4 $5 Kxa4 57. Ng7 Rb5 58. e6 Re5 59. Kd4 1-0

[Event "ARM-ch 72nd"]
[Site "Yerevan"]
[Date "2012.01.21"]
[Round "10"]
[White "Minasian, Artashes"]
[Black "Pashikian, Arman"]
[Result "0-1"]
[WhiteElo "2525"]
[BlackElo "2608"]
[Annotator "Let's Check Training"]
[PlyCount "66"]
[EventDate "2012.01.11"]
[EventType "tourn"]
[EventRounds "11"]
[EventCountry "ARM"]
[EventCategory "13"]
[SourceTitle "CBM 147"]
[Source "ChessBase"]
[SourceDate "2012.03.16"]
[SourceVersion "1"]
[SourceVersionDate "2012.03.16"]
[SourceQuality "1"]

1. e4 e5 2. Nf3 Nc6 3. Bb5 Nf6 4. d3 Bc5 5. Bxc6 dxc6 6. Be3 Bd6 7. h3 O-O 8.
c4 Nd7 9. Nc3 Re8 10. Qc2 c5 11. g3 Nf8 12. Nh4 Ne6 13. O-O-O Nd4 14. Qd2 c6
15. Kb1 Be6 16. Ng2 b5 17. f4 bxc4 18. f5 Bc8 19. dxc4 Ba6 20. Qd3 Rb8 21. Bc1
Be7 22. Ne3 Qa5 23. Rhf1 Red8 24. Rf2 Nb5 25. cxb5 Rxd3 26. Rxd3 Bxb5 27. Rd7 {
[%tqu "En","","","","a5c3","",10]} Qxc3 $1 28. Rxe7 Bd3+ 29. Nc2 Qe1 30. Rd2
Qxe4 31. b3 c4 32. Kb2 Qxf5 33. Rxa7 e4 0-1

[Event "ARM-ch 72nd"]
[Site "Yerevan"]
[Date "2012.01.19"]
[Round "8"]
[White "Ter Sahakyan, Samvel"]
[Black "Pashikian, Arman"]
[Result "1-0"]
[WhiteElo "2569"]
[BlackElo "2608"]
[Annotator "Let's Check Training"]
[PlyCount "67"]
[EventDate "2012.01.11"]
[EventType "tourn"]
[EventRounds "11"]
[EventCountry "ARM"]
[EventCategory "13"]
[SourceTitle "CBM 147"]
[Source "ChessBase"]
[SourceDate "2012.03.16"]
[SourceVersion "1"]
[SourceVersionDate "2012.03.16"]
[SourceQuality "1"]

1. e4 e5 2. Nf3 Nc6 3. Bb5 Nf6 4. d3 Bc5 5. c3 O-O 6. O-O d6 7. Bg5 h6 8. Bh4
g5 9. Bg3 Nh5 10. Nbd2 Qf6 11. a4 a6 12. Bxc6 bxc6 13. d4 exd4 14. e5 Qg6 15.
cxd4 Bb4 16. Rc1 c5 17. dxc5 dxc5 18. Nb3 Nxg3 19. hxg3 Qc6 20. Qe2 Rb8 21. Qe3
Be6 22. Nxc5 Bxc5 23. Rxc5 Qxa4 24. Nd4 Rfe8 25. Rxc7 Rxb2 26. Rfc1 Qa2 27.
R1c6 Qa1+ 28. Kh2 Qf1 $2 (28... Qd1 29. f3 $14) {[%tqu "En","","","","c6e6","",
10]} 29. Rxe6 $1 $18 Rxe6 (29... fxe6 30. Qe4) 30. Nxe6 fxe6 31. Rc8+ Kg7 32.
Qa7+ Kg6 33. Rg8+ Kf5 34. Qh7+ 1-0

[Event "Moscow Tal Memorial 4th"]
[Site "Moscow"]
[Date "2009.11.06"]
[Round "2"]
[White "Svidler, Peter"]
[Black "Ivanchuk, Vassily"]
[Result "1/2-1/2"]
[WhiteElo "2754"]
[BlackElo "2739"]
[Annotator "Marin,M"]
[PlyCount "54"]
[EventDate "2009.11.05"]
[EventType "tourn"]
[EventRounds "9"]
[EventCountry "RUS"]
[EventCategory "21"]
[SourceTitle "CBM 133"]
[Source "ChessBase"]
[SourceDate "2009.11.19"]
[SourceVersion "1"]
[SourceVersionDate "2009.11.19"]
[SourceQuality "1"]

1. e4 e5 2. Nf3 Nc6 3. Bb5 Nf6 4. O-O Bc5 5. Nxe5 Nxe4 6. Qe2 Nxe5 7. Qxe4 (7.
d4 {Deviating from Kamsky,G (2725)-Topalov,V (2796)/Sofia 2009/CBM 129 [Marin]
(0-1, 32)}) 7... Qe7 8. d4 Nc6 9. Qg4 h5 10. Qxg7 Bxd4 11. Qg3 {White has
prevented Black's short castling and spoiled his structure, but has completely
neglected the development of the queenside.} a6 12. Bc4 $146 ({Previously,} 12.
Bxc6 dxc6 {has been played. Svidler did not wish to give up his Spanish bishop,
which would also have accelerated the development of the black queenside.
However, his novelty does not change the evaluation of the variation as
inoffensive for Black.} 13. c3 (13. Qd3 Bg7 14. Nc3 Bd7 15. Qg3 Be5 16. Bf4 h4
17. Qe3 Bxf4 18. Qxf4 O-O-O 19. Qe3 Qxe3 20. fxe3 Be6 21. Rad1 Rdg8 22. Rf4 Rg5
$11 {Tolnai,T (2490)-Ninov,K (2465)/Stara Zagora 1990/CBM 017 (1/2, 55)}) 13...
h4 14. Qf3 Be5 15. Qe3 Bf5 16. Nd2 O-O-O 17. Nf3 Bd6 18. Qxe7 Bxe7 {1/2 Vogt,L
(2495)-Kirov,N (2435)/Polanica Zdroj 1977/MCD}) 12... h4 13. Qf4 d6 14. Bd5 Be5
15. Qc4 Bd7 16. c3 O-O-O {Black is well ahead in development. White's
consolation consists of his better structure.} 17. Nd2 Be6 18. f4 Bf6 19. Ne4
Rde8 20. Re1 Bxd5 21. Qxd5 Qe6 22. Qxe6+ Rxe6 23. Bd2 Bd8 24. Ng5 Rf6 25. Ne4
Re6 26. Ng5 Rf6 27. Ne4 Re6 1/2-1/2

[Event "Moscow Petrosian Memorial"]
[Site "Moscow"]
[Date "2014.11.11"]
[Round "7"]
[White "Inarkiev, Ernesto"]
[Black "Aronian, Levon"]
[Result "0-1"]
[WhiteElo "2688"]
[BlackElo "2797"]
[Annotator "Marin,M"]
[PlyCount "130"]
[EventDate "2014.11.04"]
[EventType "tourn"]
[EventRounds "7"]
[EventCountry "RUS"]
[EventCategory "20"]
[SourceTitle "CBM 164"]
[Source "ChessBase"]
[SourceDate "2015.01.15"]
[SourceVersion "1"]
[SourceVersionDate "2015.01.15"]
[SourceQuality "1"]

1. e4 e5 2. Nf3 Nc6 3. Bb5 Nf6 4. d3 Bc5 {This is almost automatically played
in the anti-Berlin system.} ({Being a cautious player, I would play the solid} 
4... d6 {without hesitation, aiming for a Steinitz Defence with an extra tempo.
I somehow feel better with the bshop somewhere around the king, either on e7
or on g7. A few moves later, Aronian felt the same.}) 5. c3 O-O 6. O-O Re8 {
A flexible move leaving the a3-f8 diagonal available for the bishop's retreat.}
({The most popular continuation is} 6... d6 {when after} 7. Bg5 {(not the main
line) Black will have to make a concession (such as weakening his kingside) in
order to get rid of the pin.}) 7. Bg5 h6 8. Bh4 Be7 $5 ({This is a somewhat
more radical way of solving the problem than} 8... Bf8 9. Nbd2 d6 {, aiming to
re-develop the bishop in the fianchetto.} 10. d4 (10. Re1 Bd7 11. a4 g6 {
Topalov,V (2772)-Aronian,L (2815) Stavanger 2014 CBM 161 [Szabo,Kr] (1/2-1/2,
41)}) 10... exd4 11. Nxd4 Bd7 {Carlsen,M (2826)-Howell,D (2633) London 2011
CBM 146 [RR] (1-0, 40)}) 9. Re1 {This natural move takes the e1-square away
from the f3-knight. Is this important? The game shows it is...} (9. Nbd2 d6 10.
d4 (10. a4 a6 11. Bc4 {Asrian,K (2646)-Pashikian,A (2472) Yerevan 2006 CBM 112
[Postny,E] (1-0, 42)}) 10... exd4 11. Nxd4 Bd7 {Balogh,C (2637)-Rodshtein,M 
(2671) Tromso 2014 CBM 162 [Stohl,I] (1-0, 65)}) 9... d6 10. Nbd2 {This
apparently peaceful position led to simplifications and dull equality in two
previous games. But Aronian spotted a way of changing the course of the game
radically.} g5 $5 $146 (10... Bd7 11. Nf1 (11. Ba4 Nh5 12. Bxe7 Nxe7 13. Bxd7
Qxd7 14. Nxe5 dxe5 15. Qxh5 Qxd3 $11 {Gopal,G (2550)-Ganguly,S (2619) Caleta
2014 (1/2-1/2, 31)}) 11... Nh7 12. Bxe7 Nxe7 13. Bc4 b5 14. Bb3 Ng6 15. a4 a6
16. d4 Nf6 {Erenburg,S (2633)-Shankland,S (2634) Saint Louis 2014 (1/2-1/2, 38)
}) 11. Bg3 {So far nothing really from outer space, even though one would
expect ...g7-g5 with the bishop on either f8 or c5.} g4 $5 {But this is rather
unusual for such an early stage of the game, with Black's army incompletely
developed. The main point is that the knight has to move to an exposed square,
allowing a simple tactical operation..} 12. Nh4 Nxe4 $1 {Without this, Black's
previous play would hardly make sense.} 13. Nxe4 Bxh4 14. Bxh4 {This may look
like a slight concession, but the knight needs the g3-square so White could
not avoid the exchange for too long.} ({For instance:} 14. d4 f5 15. Qd2 $5 Kg7
16. Bxh4 Qxh4 17. Ng3 Qg5) 14... Qxh4 15. d4 {White is better developed and
the black king's position has been somewhat weakened. But remarkably, this
should not suffice for more than reasonable compensation for the pawn, due to
Black's main trump - his massive pawn structure!} f5 16. Ng3 f4 17. Qd3 $5 {
An interesting resource.} Kg7 $1 {As discovered by Steinitz, the king is
strong enough to defend itself.} (17... fxg3 $2 18. Qg6+ Kf8 19. fxg3 $1 {
[%cal Ge1f1,Gf1f8]} Qg5 20. Qh7 $18) 18. d5 {This retrieves the pawn but
stabilises the position in a way favourable to Black.} ({True, Black would be
doing fine after} 18. Nf5+ {, too:} Bxf5 19. Qxf5 Qg5 (19... Re7 20. Bxc6 bxc6
21. dxe5 Rf8 22. Qd3 dxe5 23. Rad1 $44) 20. Qxg5+ hxg5 21. d5 a6 22. Ba4 b5 23.
Bd1 Ne7 24. Bxg4 Rab8 (24... Nxd5 25. Bd7 (25. Bf3 c6 26. Rad1 Kf6 27. Bxd5
cxd5 28. Rxd5 Ke6) 25... Nb6 26. Bxe8 Rxe8 $44) 25. Be6 Rh8 $15 {[%cal Gg7f6,
Ga6a5,Gc7c6] Due to his more flexible structure Black is entitled to claim at
least a minimal advantage.}) 18... fxg3 19. hxg3 Qg5 20. dxc6 Bf5 21. Qe3 b6
$15 {White has no attacking chances on the queenside, while on the opposite
wing Black can create some threats.} 22. Qxg5+ $6 {This unnecessarily opens
the h-file for the black rooks.} (22. Bc4 $5) 22... hxg5 $17 23. Rad1 Rh8 24.
Bc4 a5 25. b3 {A difficult decision. At a later stage, the weakness of the
c3-square will help Black.} ({But Inarkiev might have been worried by Black's
gain of space after} 25. Bd5 a4 26. c4 Ra5 {[%cal Gb6b5]}) 25... Rh6 26. Bd5
Rah8 $6 {The h-file magic is understandable, but the queen's rook still had
things to do on the a-file.} (26... a4 $5 {would have forced the opening of
the a-file putting White under pressure on both wings for if} 27. b4 $6 Rah8
28. Kf1 Bc2 29. Rd2 Rh1+ 30. Ke2 Rxe1+ 31. Kxe1 Rh1+ 32. Ke2 Rc1 {play would
have transposed to the line from the comment to 33.bxa4 below.}) 27. Kf1 Bc2
28. Rd2 $8 (28. Rc1 $4 Bd3+ {#1}) 28... Rh1+ 29. Ke2 Rxe1+ 30. Kxe1 Rh1+ 31.
Ke2 Rc1 32. c4 {Black has managed to invade the enemy territory, but White's
fortress remains solid.} a4 $6 {This pawn break is by far less effective than
in the line with reversed move order given in the comments to 26...Rah8.} ({
In view of White's unexpected answer, it would have made sense delaying the
queenside committment for a while:} 32... Kf6 33. Ke3 Bb1 {[%cal Gc1c3]} 34.
Rb2 Bf5 $15) 33. bxa4 $1 {This weakens the structure but clears the b-file for
White's counterplay.} (33. b4 a3 34. Be6 Kf6 35. Bd5 Bb1 36. Bg8 Rc3 $19 {
[%cal Ge5e4,Gb1d3]}) 33... Bxa4 34. Rb2 {White has to permanently take into
account the sacrifice Rxb6.} Kf6 35. Kd2 (35. Rxb6 $2 cxb6 36. c7 Bd7 $19)
35... Rd1+ 36. Ke2 $6 {This dooms White to joyless and, possibly, hopeless
defence.} (36. Kc3 $1 b5 (36... Rd4 $2 37. Rb4 Bd1 $140 38. Rxb6 $1 $18) (36...
Rc1+ 37. Kb4 $5 Bc2 38. Kb5 Rb1 39. Rxb1 Bxb1 40. Ka6 Ke7 41. Kb7 Kd8 42. a3
$11) 37. Rb4 $132) 36... Rd4 $17 37. Rd2 (37. Rb4 Bc2 38. Rxb6 $2 cxb6 39. c7
Bf5 $19) 37... b5 $1 {White will soon lose stability in the centre and his
c6-pawn will become vulnerable.} 38. Ke3 (38. Rxd4 exd4 39. Kd3 Ke5 40. f4+
gxf4 (40... gxf3 41. gxf3 bxc4+ 42. Kxc4 d3 43. f4+ gxf4 44. gxf4+ Kxf4 45.
Kxd3) 41. gxf4+ Kxf4 42. Kxd4 bxc4 43. Kxc4 Ke5 44. g3 Bd1 {[%csl Rd5][%cal
Gd1e2]} 45. Bf7 (45. Bg2 $2 Bf3 $19 {[%csl Gc6]} 46. Bxf3 gxf3 47. Kd3 Kf5 48.
Ke3 Kg4 49. Kf2 d5 50. a4 d4 51. a5 d3 52. a6 d2 53. a7 d1=Q 54. a8=Q Qe2+ 55.
Kg1 Qg2#) 45... Ke4 {[%cal Gd1e2,Gd6d5]} 46. Bd5+ Ke3 47. Kb5 Be2+ 48. Bc4
Bxc4+ 49. Kxc4 Ke4 50. a4 d5+ 51. Kb3 Ke3 52. Kc2 (52. a5 d4 53. a6 d3 54. a7
d2 55. a8=Q d1=Q+ 56. Kb4 Qd6+ 57. Kc4 Qxg3 $19) 52... Kd4 $1 (52... Ke2 53.
Kc3 $1) 53. Kd2 Kc4 54. Ke3 Kb4 55. Kd4 Kxa4 56. Kxd5 Kb5 $19) 38... Rxd2 39.
Kxd2 bxc4 40. f3 (40. Kc3 e4 41. Bxe4 Ke5 42. f3 d5 $19) (40. Bxc4 Bxc6 41. Bf1
Ke7 42. Kc3 d5 43. Kb4 Kd6 44. a4 Bb7 45. a5 c5+) 40... Kf5 41. Kc3 (41. Be4+
Ke6 42. Kc3 d5 $19) 41... gxf3 42. gxf3 g4 43. Be4+ (43. fxg4+ Kxg4 44. Kxc4
Kxg3 45. Kb4 Bc2 46. a4 e4 $19) 43... Kg5 44. Kxc4 Bd1 45. Kd3 Bxf3 46. a4 (46.
Bxf3 gxf3 47. Ke3 Kg4 48. Kf2 d5 49. a4 d4 50. a5 e4 51. a6 e3+ 52. Ke1 d3 $19)
(46. Ke3 $5 Bd1) 46... d5 $1 47. Bxf3 gxf3 48. a5 e4+ 49. Kd2 d4 50. a6 e3+ 51.
Kc2 f2 52. a7 f1=Q 53. a8=Q Qc4+ 54. Kb2 e2 55. Qd8+ Kg4 56. Qh4+ Kf3 57. Qf4+
Kg2 58. Qe4+ Kg1 59. Qb1+ Kf2 60. Qf5+ Ke1 61. Qg6 Kd1 62. Qg4 (62. Qb1+ Kd2
$19) 62... Qc3+ 63. Ka2 Kc1 64. Qxe2 Qc2+ 65. Qxc2+ Kxc2 0-1